Murray and Nadel's textbook of respiratory medicine / (Record no. 171360)
[ view plain ]
| 000 -LEADER | |
|---|---|
| fixed length control field | 01462nam a22003617a 4500 |
| 003 - CONTROL NUMBER IDENTIFIER | |
| control field | OSt |
| 005 - DATE AND TIME OF LATEST TRANSACTION | |
| control field | 20251007104758.0 |
| 008 - FIXED-LENGTH DATA ELEMENTS--GENERAL INFORMATION | |
| fixed length control field | 250228b |||||||| |||| 00| 0 eng d |
| 020 ## - INTERNATIONAL STANDARD BOOK NUMBER | |
| International Standard Book Number | 9780323655873 (Hardcover) |
| Terms of availability | USD 291.00 |
| 020 ## - INTERNATIONAL STANDARD BOOK NUMBER | |
| International Standard Book Number | 9780323793728 (Volume 2) |
| 040 ## - CATALOGING SOURCE | |
| Original cataloging agency | NUST |
| Language of cataloging | eng |
| Transcribing agency | NUST |
| Modifying agency | NUST |
| Description conventions | rda |
| 050 ## - LIBRARY OF CONGRESS CALL NUMBER | |
| Classification number | RC731 MUR |
| 245 ## - TITLE STATEMENT | |
| Title | Murray and Nadel's textbook of respiratory medicine / |
| Statement of responsibility, etc. | edited by V. Courtney Broaddus, Joel D. Ernst, Talmadge E. King, Stephen C. Lazarus, Kathleen F. Sarmiento, Lynn M. Schnapp, Renee D. Stapleton and Michael B. Gotway. |
| 250 ## - EDITION STATEMENT | |
| Edition statement | Seventh edition. |
| 260 ## - PUBLICATION, DISTRIBUTION, ETC. | |
| Place of publication, distribution, etc. | Philadelphia, PA : |
| Name of publisher, distributor, etc. | Elsevier, |
| Date of publication, distribution, etc. | ©2022. |
| 300 ## - PHYSICAL DESCRIPTION | |
| Extent | xli, 1993 pages + various pagings : |
| Other physical details | Illustrations ; |
| Dimensions | 29 cm. |
| 336 ## - CONTENT TYPE | |
| Source | rdacontent |
| Content type term | text |
| Content type code | txt |
| 337 ## - MEDIA TYPE | |
| Source | rdamedia |
| Media type term | unmediated |
| Media type code | n |
| 338 ## - CARRIER TYPE | |
| Source | rdacarrier |
| Carrier type term | volume |
| Carrier type code | nc |
| 504 ## - BIBLIOGRAPHY, ETC. NOTE | |
| Bibliography, etc. note | Includes bibliographical references and index. |
| 650 ## - SUBJECT ADDED ENTRY--TOPICAL TERM | |
| Topical term or geographic name entry element | Respiratory organs |
| General subdivision | Diseases. |
| 650 ## - SUBJECT ADDED ENTRY--TOPICAL TERM | |
| Topical term or geographic name entry element | Respiratory tract diseases. |
| 650 ## - SUBJECT ADDED ENTRY--TOPICAL TERM | |
| Topical term or geographic name entry element | Respiration disorders. |
| 700 ## - ADDED ENTRY--PERSONAL NAME | |
| Personal name | Broaddus, V. Courtney |
| Relator term | Editor |
| 700 ## - ADDED ENTRY--PERSONAL NAME | |
| Personal name | Ernst, Joel D. |
| Relator term | Editor |
| 700 ## - ADDED ENTRY--PERSONAL NAME | |
| Personal name | King, Talmadge E. |
| Relator term | Editor |
| 700 ## - ADDED ENTRY--PERSONAL NAME | |
| Personal name | Lazarus, Stephen C. |
| Relator term | Editor |
| 700 ## - ADDED ENTRY--PERSONAL NAME | |
| Personal name | Sarmiento, Kathleen F. |
| Relator term | Editor |
| 700 ## - ADDED ENTRY--PERSONAL NAME | |
| Personal name | Schnapp, Lynn M. |
| Relator term | Editor |
| 700 ## - ADDED ENTRY--PERSONAL NAME | |
| Personal name | Stapleton, Renee Doney |
| Relator term | Editor |
| 700 ## - ADDED ENTRY--PERSONAL NAME | |
| Personal name | Gotway, Michael B. |
| Relator term | Editor |
| 942 ## - ADDED ENTRY ELEMENTS (KOHA) | |
| Source of classification or shelving scheme | Library of Congress Classification |
| Koha item type | Ordinary Loan Books |
| Edition | Seventh edition. |
| Classification part | RC731 MUR |
| Call number prefix | RC |
| Call number suffix | MUR |
| Suppress in OPAC | No |
| Withdrawn status | Lost status | Source of classification or shelving scheme | Damaged status | Not for loan | Collection | Home library | Current library | Shelving location | Date acquired | Source of acquisition | Cost, normal purchase price | Total Checkouts | Full call number | Barcode | Date last seen | Accession number | Cost, replacement price | Price effective from | Koha item type | Public note |
|---|---|---|---|---|---|---|---|---|---|---|---|---|---|---|---|---|---|---|---|---|
| LCC | NFIC | Medical | Medical | GEN | 02/28/2025 | Book Aid International | 288.00 | RC731 MUR | 92004054523 | 02/28/2025 | 62303 | 288.00 | 02/28/2025 | BOOKS | Donation | |||||
| LCC | NFIC | Medical | Medical | GEN | 03/12/2025 | Book Aid International | 291.00 | RC731 MUR | 92004055144 | 03/12/2025 | 62302 | 291.00 | 03/12/2025 | BOOKS | Donation | |||||
| LCC | NFIC | Medical | Medical | GEN | 03/17/2025 | Book Aid International | 291.00 | RC731 MUR | 92004055014 | 03/17/2025 | 62096 | 291.00 | 03/17/2025 | BOOKS | Donation | |||||
| LCC | NFIC | Medical | Medical | GEN | 03/17/2025 | Book Aid International | 291.00 | RC731 MUR | 92004055022 | 03/17/2025 | 61984 | 291.00 | 03/17/2025 | BOOKS | Donation | |||||
| LCC | NFIC | Medical | Medical | GEN | 09/19/2025 | Book Aid International | 291.00 | RC731 MUR | 92004056145 | 09/19/2025 | 62996 | 291.00 | 09/19/2025 | BOOKS | Donation | |||||
| LCC | NFIC | Medical | Medical | GEN | 10/07/2025 | Book Aid International | 291.00 | RC731 MUR | 92004057861 | 10/07/2025 | 63144 | 291.00 | 10/07/2025 | BOOKS | Donation |